Griechische Inseln - Sudden Death - Statistiken

Allgemein
  • Dieses Quiz wurde 553 mal gespielt
  • Das Durchschnittsergebnis liegt bei 16 aus 20
Answers on the Grid
Answers color-coded by a green-red scale on the quiz's grid according to % correct below.
Bora Bora
Capri
Chios
Elba
Euböa
Fuerteventura
Kea
Kefalonia
Kithnos
Korfu
Korfu
Korsika
Kos
Kreta
Lanzarote
Lefkada
Lesbos
Madeira
Mallorca
Mykonos
Naxos
Paros
Rhodos
Salamis
Samos
Santorini
Sardinien
Teneriffa
Thasos
Zakynthos
 
Antwortstatistiken
Antwort % Korrekt
Kreta
93%
Korfu
91%
Korfu
90%
Rhodos
90%
Kos
89%
Mykonos
89%
Zakynthos
84%
Lesbos
81%
Santorini
80%
Thasos
80%
Naxos
79%
Paros
79%
Samos
79%
Chios
78%
Kefalonia
78%
Kithnos
78%
Lefkada
76%
Salamis
74%
Kea
72%
Euböa
69%
Keine übereinstimmenden Quizze gefunden
Verteilung der Resultate
Anzahl Personen mit jedem Resultat
Perzentil nach korrekt beantworteten Fragen
Ihre Resultats-Entwicklung
Sie haben dieses Quiz noch nicht gespielt